000 01408nam a2200385 a 4500
001 000113914
003 CHAP
005 20220329144419.0
008 171006s2017 mx a fsm |||||||spa d
010 _a110375
011 _a111347
040 _cCHAP
090 _aTesis
100 1 _aBurgos Herrera , Omar Edén
_916169
245 1 0 _aTerritorialidad y campesinado en el oriente del Estado de Morelos /
_h[En línea]
_cpor Omar Edén Burgos Herrera.
260 _aChapingo, Méx. :
_bEl autor,
_c2017.
500 _aPara ver el contenido del material haga clic en la liga
502 _aTesis (Ph.D. en Ciencias Agrarias) -- UACH. Departamento de Sociología Rural
590 _aBATCH
_b00
_c20181121
_lUCH01
_h0759
590 _aE11695DGD
_b10
_c20171009
_lUCH01
_h1056
590 _aE11695DGD
_b10
_c20171009
_lUCH01
_h1056
590 _aE8697GMM
_b05
_c20171006
_lUCH01
_h0937
590 _aE8697GMM
_b05
_c20171006
_lUCH01
_h1006
590 _aE8697GMM
_b05
_c20171006
_lUCH01
_h1343
650 1 4 _aCampesinado
_xMorelos.
_918027
650 1 4 _aMorelos
_xCondiciones económicas.
_978525
650 1 4 _aMorelos
_xCondiciones rurales.
_978526
650 1 4 _aMorelos
_xCondiciones sociales.
_978527
650 1 4 _aMovimientos sociales
_zMorelos.
_9133681
856 _a1
_n0001062
856 _aFinding aid
_uhttp://10.13.5.2/tesis/sist113914.pdf
_zTeclea aquí
901 _aBK
942 _cTESIS
942 _n0
999 _c110375
_d110375